Normal view
MARC view
- Promoción de la lectura
Entry Materia
Number of records used in: 100
001 - NÚMERO DE CONTROL DEL REGISTRO
- campo de control: 6400
003 - IDENTIFICADOR DE NUMERO DE CONTROL
- campo de control: UPN
005 - FECHA Y HORA DE LA ÚLTIMA TRANSACCIÓN
- campo de control: 20221104122053.0
008 - DATOS DE LONGITUD FIJA
- campo de control de longitud fija: 221104nn annnnbabn b ana |d
035 ## - NÚMERO DE CONTROL DEL SISTEMA
- Número de control del sistema: UPN10000006402
040 ## - FUENTE DE LA CATALOGACIÓN
- Lengua de catalogación: SPA
- Agencia de transcripción: MX-MxUPN
- Centro catalogador de origen: MX-MxUPN
046 ## - FECHAS CON CODIFICACIÓN ESPECIAL
- Fecha final para contenidos agregados: 2022
150 ## - ENCABEZAMIENTO - TEMÁTICO
- Término de materia o nombre geográfico como elemento inicial: Promoción de la lectura
450 ## - VÉASE - MATERIA
- Encabezamiento temático: Animación a la lectura
670 ## - FUENTE EN LA QUE SE LOCALIZARON DATOS
- Cita de la fuente: LC
- Información localizada: Reading promotion
902 ## - CATALOGADOR
- Catalogador: MMA/070302
